000 00311nam a22001337a 4500
020 _a0-7136-3757-9
082 _a823
_bGOW/J
100 _aGOWAR, MICK
245 _aJIMMY WOODS AND THE BIG BAD WOLF
260 _aLONDON
_bA & C BLACK
_c1994
300 _a64
650 _aENGLISH SHORT STORY
_zLONDON
942 _cBK
999 _c2725
_d2725